000 00465nam a22001697a 4500
003 MPLRDC
005 20220104142642.0
008 210129b ||||| |||| 00| 0 eng d
082 _a868.71 FX-2 v.5
100 _a方修编
245 _a马华文学作品选. 五
_c
250 _a一版一刷
260 _a马来西亚
_b马来西亚华校董事联合会总会(董总)
_c1991
300 _b145
650 _a马华文学--诗集
942 _cBK
_o868.71 FX-2 v.5
999 _c32606
_d32596